On the socio-economic conditions of women : The National Sample Survey and Labou (Record no. 17556)

MARC details
000 -LEADER
fixed length control field 00317nam a2200121Ia 4500
082 ## - DEWEY DECIMAL CLASSIFICATION NUMBER
Classification number RR.0022
100 ## - MAIN ENTRY--AUTHOR NAME
Personal name Rajaraman, I.
245 #0 - TITLE STATEMENT
Title On the socio-economic conditions of women : The National Sample Survey and Labou
260 ## - PUBLICATION, DISTRIBUTION, ETC. (IMPRINT)
Year of publication 0
300 ## - PHYSICAL DESCRIPTION
Number of Pages 59p.
942 ## - ADDED ENTRY ELEMENTS (KOHA)
Koha item type Books
Holdings
Withdrawn status Lost status Damaged status Not for loan Home library Current library Date acquired Full call number Accession Number Price effective from Koha item type
        NASSDOC Library NASSDOC Library 08/10/2004 RR.0022 13545 18/04/2019 Books